Uống nước nhớ nguồn

Những mẩu chuyện nói về công ơn to lớn của Bác Hồ với quân đội, tấm lòng thành kính của toàn quân đối với Người

שמור ב:
מידע ביבליוגרפי
מחבר ראשי: Võ Nguyên Giáp
מחברים אחרים: Song Hào (Tác giả), Dương Đại Lâm (Tác giả)
פורמט: ספר
שפה:Vietnamese
יצא לאור: H. Quân đội nhân dân 1973
נושאים:
תגים: הוספת תג
אין תגיות, היה/י הראשונ/ה לתייג את הרשומה!
Thư viện lưu trữ: Mạng thư viện Đại học Đà Nẵng
LEADER 01350nam a22003618a 4500
001 000007520
003 3682
005 20111005091058.0
008 111005s1973 b 000 0 vieod
020 |c 32000đ  |d 30000b 
041 0 |a vie 
082 |a 895.922803  |b Uôn 
084 |a A  |b U518N 
100 1 |a Võ Nguyên Giáp 
245 1 0 |a Uống nước nhớ nguồn  |c Võ Nguyên Giáp, Dương Đại Lâm, Quang Trung... 
260 |a H.  |b Quân đội nhân dân  |c 1973 
300 |a 457 tr.  |b Ảnh  |c 19cm. 
520 |a Những mẩu chuyện nói về công ơn to lớn của Bác Hồ với quân đội, tấm lòng thành kính của toàn quân đối với Người 
653 |a Hồ Chí Minh 
653 |a Quân đội nhân dân 
700 1 |a Song Hào  |e Tác giả 
700 1 |a Dương Đại Lâm  |e Tác giả 
910 |a Huỳnh Thị Cẩm Lai  |d 05/10/2011 
OWN |a LSP 
AVA |a UDN50  |b LSP  |d 895.922803 Uôn  |e unavailable  |t Error 5002 Not defined in file expand_doc_bib_avail.  |f 1  |g 1  |h N  |i 0  |k 1 
999 |a From the UDN01 
AVA |a UDN50  |b LSP  |d 895.922803 Uôn  |e unavailable  |t Error 5002 Not defined in file expand_doc_bib_avail.  |f 1  |g 1  |h N  |i 0  |k 1 
TYP |a Monograph 
TYP |a Printed language 
980 |a Mạng thư viện Đại học Đà Nẵng